000
00229nam a2200109Ia 4500
999
_c
9416
_d
9416
020
_a
0-87901-499-7
100
_a
Munem,M.A.
245
0
_a
College Algebra
260
_a
New Jersey
_b
Prentice Hall
_c
2003
300
_a
355
942
_c
BK